000 00205 a2200097 4500
020 _a9789996433320
041 _aspa
100 _aSmarty
245 _aAprediendo sobre mi bello pais: Nicaragua
942 _cBK
999 _c31565
_d31563